00443nam a2200169Ia 4500008004100000020002200041041000800063082001600071100001800087245005100105250000600156260005300162300001200215365001200227650001700239650001700256210719s2019 xx 000 0 und d a978-93-86478-58-0 aeng a615.19 LALE aLAL (Harbans) aEssentials of pharmaceutical biochemistry Ed 2 a2 aNew DelhibCBS Publishers and Distributorsc2019 a219bPB b420cRs aPharmacology aPharmacology